logo

Bir Sreshtho Munshi Abdur Rouf Library
Jhenaidah Cadet College

বাংলা সাহিত্যের কথা / (Record no. 1677)

MARC details
000 -LEADER
fixed length control field 00794nam a2200229 a 4500
001 - CONTROL NUMBER
JCCL Control Number 1677
003 - CONTROL NUMBER IDENTIFIER
JCCL marc code BD-JhCC
005 - DATE AND TIME OF LATEST TRANSACTION
control field 20171023173825.0
008 - FIXED-LENGTH DATA ELEMENTS--GENERAL INFORMATION
fixed length control field 171023s2006 bg |||| ||a| 000 0 ben d
020 ## - INTERNATIONAL STANDARD BOOK NUMBER
International Standard Book Number 9844101069
035 ## - SYSTEM CONTROL NUMBER
system control number (BD-JhCC)1677
040 ## - CATALOGING SOURCE
Original cataloging agency BD-JhCC
Modifying agency BD-JhCC
041 ## - LANGUAGE CODE
Language code of Book ben
082 ## - DEWEY DECIMAL CLASSIFICATION NUMBER
Classification number 891.4409
Author mark and Year SHA 2006
100 ## - MAIN ENTRY--PERSONAL NAME
Personal name শহীদুল্লাহ্, ডক্টর মুহম্মদ
245 ## - TITLE STATEMENT
Title বাংলা সাহিত্যের কথা /
Statement of responsibility, etc ডক্টর মুহম্মদ শহীদুল্লাহ্
260 ## - PUBLICATION, DISTRIBUTION, ETC. (IMPRINT)
Place of publication, distribution, etc ঢাকা :
Name of publisher, distributor, etc মাওলা ব্রাদার্স প্রকাশনী,
Date of publication, distribution, etc ২০০৬.
300 ## - PHYSICAL DESCRIPTION
Pagination 133 p. :
Dimensions 22 cm.
650 ## - SUBJECT ADDED ENTRY--TOPICAL TERM
Topical term or geographic name as entry element Bengali Literature
General subdivision Literature
942 ## - ADDED ENTRY ELEMENTS (KOHA)
Source of classification or shelving scheme Dewey Decimal Classification
Koha item type Books
Holdings
Source of classification or shelving scheme Damaged status Not for loan Home library Current library Shelving location Date of accession Source of acquisition Cost, normal purchase price Total Checkouts Full call number Barcode Date last seen Copy number Koha item type volume number
Dewey Decimal Classification     JCC Rouf Library JCC Rouf Library Reference 10/23/2017 Zahedee Foundation 100.00   891.4409 SHA 2006 3089 10/23/2017 C-1 Books  
Dewey Decimal Classification     JCC Rouf Library JCC Rouf Library   10/23/2017   250.00   891.4409 SHA 2006 3102 10/23/2017 C-2 Books  
Dewey Decimal Classification     JCC Rouf Library JCC Rouf Library General Stacks 10/31/2017   250.00   891.4409 SHA 2006 3393 10/31/2017 C-3 Books V-2

JCC Library | Contacts | JCC Home

Last Update on 23 September 2017
Copyright @ 2017-2020 JCC Rouf Library
Rouf Library, Jhenidah Cadet College (JCC), Bangladesh